| 000 | 00976cam a2200337 a 4500 | ||
|---|---|---|---|
| 001 | 247238 | ||
| 003 | ARRUPE | ||
| 005 | 20150423124442.0 | ||
| 008 | 840821s1983 enka b 001 0 eng | ||
| 010 | _a 81012342 | ||
| 020 | _a0582643317 | ||
| 020 | _a0582643309 (pbk.) | ||
| 035 | _a(OCoLC)7671392 | ||
| 035 | _a(OCoLC)ocm07671392 | ||
| 035 | _a(CStRLIN)NYCG84-B52808 | ||
| 035 | _a(NNC)247238 | ||
| 040 |
_dCStRLIN _cDCL |
||
| 043 | _af-nr--- | ||
| 050 | 0 |
_aDT515.5 _b.I8 1983 |
|
| 082 | 0 |
_a966.9 _219 |
|
| 090 |
_aDT515.5 _b.I8 1983 |
||
| 100 | 1 |
_aIsichei, Elizabeth Allo. _98973 |
|
| 245 | 1 | 2 |
_aA history of Nigeria / _cElizabeth Isichei ; with a contribution by Peter Uche Isichei. _b46500002589 |
| 260 |
_aLondon ; _aNew York : _bLongman, _c1983. |
||
| 300 |
_axix, 517 p. : _bill. ; _c24 cm. |
||
| 500 | _aIncludes index. | ||
| 504 | _aBibliography: p. 488-503. | ||
| 651 | 0 |
_aNigeria _xHistory. _98974 |
|
| 942 |
_2lcc _cMONOGRAPH |
||
| 999 |
_c120173 _d120173 |
||